000 01331pab a2200169 454500
008 180718b2015 xxu||||| |||| 00| 0 eng d
100 _aRoy, Purnima
245 _aImpact of globalisation on trade union movement
260 _c2015
300 _ap.480-488.
362 _aJul-Sep
520 _aGlobalisation brought with it a paradigm shift for trade union movement in India.The jobless growth which has followed globalisation in India has huge implications for the movement it is now fighting for loyalty of the workers with the employers.The labour reforms has also restricted workers freedom to protests, more are days of bandh have electoral significance because of numerical strength.They have not meant much beyond that. In addition, the states wer competing for investments, both foreign and domestic. In doing so they restricted the workers' freedom. Economic reforms have not been complemented with political reforms for workers in India. In the absence of mechanism in place for workers for redressal their demands, there are violent outbursts which are interpreted as law and order issues. In such a scenario, both State and trade unions need to search for alternatives. - FReproduced.
650 _aGlobalization
650 _aTrade unions
773 _aIndian Journal of Public Administration
909 _a115539
999 _c115533
_d115533